000 00325nam a22001457a 4500
003 SGT
020 _a9789332547940
082 _a005.1,JAL
100 _aJALOTE ,PANKAJ
245 _aSOFTWARE PROJECT MANAGEMENT
260 _aNEW DELHI
_bPEARSON
_c2016
300 _a234
650 _aCOMPUTER SCIENCE
942 _2ddc
_cBK
999 _c21144
_d21144